Statistics for States That Border This But Not That

Click here to take the quiz!

General Stats

  • This quiz has been taken 44 times
    (19 since last reset)
  • The average score is 9 of 10

Answer Stats

Borders ...But Not ...% Correct
CaliforniaOregonUtah
100%
LouisianaMississippiOklahoma
100%
New HampshireMaineNew York
100%
MichiganOhioIllinois
95%
North DakotaMinnesotaWyoming
95%
North CarolinaSouth CarolinaTennessee
95%
KansasNebraskaOklahoma
95%
ConnecticutRhode IslandVermont
95%
DelawareNew JerseyWest Virginia
84%
AlabamaFloridaTennessee
79%

Score Distribution

Percentile by Number Answered

Percent of People with Each Score

Your Score History

You have not taken this quiz since the last reset